Ist__ein Land Nr. 4 - Statistiken

Allgemein
  • Dieses Quiz wurde 450 mal gespielt
  • Das Durchschnittsergebnis liegt bei 15 aus 15
Antwortstatistiken
Frage Antwort % Korrekt
ist Vietnam ein Land? Ja
100%
Ist Kuwait ein Land? Ja
100%
Ist Lettland ein Land? Ja
100%
Ist Bhutan ein Land? Ja
100%
Ist Mongolei ein Land? Ja
100%
Ist Kreta ein Land? Nein
100%
Ist idaho ein land Nein
100%
Ist Korsika ein Land? Nein
100%
Ist Madrid ein Land Nein
100%
Ist Montenegro ein Staat? Ja
96%
Ist Andamanen ein Land? Nein
96%
Ist Hokkaido ein Land? Nein
96%
Ist Sardinien ein Land? Nein
96%
Ist Puerto Rico ein Land? Nein
92%
Ist Nordirland ein Land? Nein
85%
Keine übereinstimmenden Quizze gefunden
Verteilung der Resultate
Anzahl Personen mit jedem Resultat
Perzentil nach korrekt beantworteten Fragen
Ihre Resultats-Entwicklung
Sie haben dieses Quiz noch nicht gespielt